European Countries by Borders Quiz Stats

Quiz Updated Jul 14, 2016

Challenge
Share
Tweet
Embed
Score 0/47 Timer 09:00
3 Plays Today
% Correct
Ireland
96.7%
Sweden
96.3%
Portugal
95.6%
Spain
93.7%
Italy
92.6%
Russia
92.5%
United Kingdom
91.2%
Finland
88.7%
Germany
87.9%
France
87.4%
Iceland
85.3%
Belgium
83.8%
Norway
83.6%
Vatican City
81.3%
Turkey
81.3%
Cyprus
80.7%
Switzerland
80.6%
Malta
79.4%
Latvia
77.8%
Denmark
77.5%
Andorra
76%
San Marino
75.6%
Netherlands
75.5%
Estonia
74.4%
% Correct
Austria
73.8%
Czechia
73.1%
Monaco
72.8%
Poland
71.8%
Luxembourg
69%
Liechtenstein
68.9%
Greece
68.4%
Belarus
67.1%
Lithuania
65.5%
Ukraine
63.5%
Slovakia
60.5%
Romania
59.6%
Slovenia
59.2%
Moldova
56.9%
Serbia
56.4%
Croatia
55.3%
Albania
54.4%
Hungary
53.1%
Kosovo
49.7%
Bulgaria
49.2%
Bosnia and Herzegovina
49.1%
Montenegro
47.5%
Macedonia
47.4%

You're not logged in!

Compare scores with friends on all Sporcle quizzes.
Sign Up with Email
OR
Log In

You Might Also Like...

Show Comments

Extras

Top Quizzes Today


Score Distribution

Your Account Isn't Verified!

In order to create a playlist on Sporcle, you need to verify the email address you used during registration. Go to your Sporcle Settings to finish the process.

Report this User

Report this user for behavior that violates our Community Guidelines.

Details: